| 000 | 00775cam a2200265 a 4500 | ||
|---|---|---|---|
| 001 | 2395 | ||
| 005 | 20250819162309.0 | ||
| 020 | _a9780545493420 | ||
| 040 |
_aDNAL/DLC _cDLC _dDLC _beng |
||
| 050 | 0 | 0 | _aTX355.R54 |
| 082 | 0 | 0 | _a641.3 |
| 100 | 1 | _aRobbins, Ken | |
| 245 | 1 | 0 |
_aFood for thought : _bthe stories behind the things we eat / _cKen Robbins |
| 260 |
_aNew York : _bScholastic, _c2009 |
||
| 300 |
_a45 pages : _bColor illustrations ; _c22 cm |
||
| 500 | _a"A Neal Porter book." | ||
| 505 | _aZ | ||
| 520 | _aFood is very important to us and each food has a story. | ||
| 521 |
_a1160 AD _bLexile |
||
| 521 |
_aZ
_bRaz-Plus |
||
| 650 | 0 | _aFood. | |
| 650 | 0 |
_aFood _vFolklore |
|
| 906 |
_a7 _bcbc _corignew _d1 _eecip _f20 _gy-gencatlg |
||
| 942 |
_2ddc _cBK _n0 |
||
| 999 |
_c2395 _d2395 |
||